00658 2200241 4500001002100000005001700021008004100038020001800079035002400097082001000121090002200131100002200153245006600175250001100241260004100252300002900293650002100322700001300343850001200356980001800368985000600386999002400392YOGYA-0209000005601820090227033634.0 ind  a979-9246-67-9 0010-020900000056018 a028.5 a028.5bSan GlDEP aSANTOSO, M.B Iman aGara-gara golok ogrincM.B Iman Santoso; penyunting, Daryatun aCet. 1 aYogyakartabAdicita Karya Nusac2003 a23 hlmbilusc15 x 21 cm aBacaan bergambar aDaryatun aYOPDYOG a29 Maret 2005 a1 a2003-429 h CB-D. 11